| 000 | 00502nam a2200169Ia 4500 | ||
|---|---|---|---|
| 005 | 20250424120221.0 | ||
| 008 | 250424s9999 xx 000 0 und d | ||
| 022 | _a117272X | ||
| 050 | _aDT 30.5 .A365/ | ||
| 245 | 0 | _aAfrican journal of international affairs and development | |
| 260 | _aIbadan, Abuja | ||
| 260 | _bDepartment of Politics and international Relations, Lead City University | ||
| 260 | _c2014 | ||
| 300 | _av, 171 p.21 cm. | ||
| 650 | _aDiplomatic relations Nigeria | ||
| 942 | _cSR | ||
| 999 |
_c38047 _d38047 |
||